| Поле | Инд. | ПП | Название | Значение |
|---|---|---|---|---|
| Тип записи | a | |||
| Библиографический уровень | m | |||
| 001 | Контрольный номер | 172b980945c14cef96b307717e0c2d44 | ||
| 005 | Дата корректировки | 20220419082304.5 | ||
| 020 | a | ISBN | 978-5-7609-1702-7 | |
| 040 | a | Служба первич. каталог. | НБ ТвГУ | |
| b | Код языка каталог. | rus | ||
| e | Правила каталог. | PSBO | ||
| 041 | 0_ | a | Код языка текста | eng |
| h | Код языка оригинала | rus | ||
| 080 | a | Индекс УДК | 574.4 | |
| 084 | a | Индекс другой классификации/Индекс ББК | Е087.1 | |
| 084 | a | Индекс другой классификации/Индекс ББК | Е088.2 | |
| 090 | x | Авторский знак | K 88 | |
| a | Полочн. индекс | Е087.1 | ||
| 097 | b | Оператор | Semenova.ZR | |
| 100 | 1_ | a | Автор | Ksenofontov Boris Semyonovich |
| e | Роль лиц | Автор | ||
| 245 | 00 | a | Заглавие | Environmental protection: biotechnological foundations |
| c | Ответственность | B. S. Ksenofontov | ||
| 260 | c | Дата издания | 2022 | |
| a | Место издания | Moskow | ||
| a | Место издания | Tver | ||
| b | Издательство | Tver State University | ||
| 300 | a | Объем | 217 p. | |
| b | Иллюстрации/ тип воспроизводства | il., tabl. | ||
| 653 | 0_ | a | Ключевые слова | Труды Тверского государственного университета |
| a | Ключевые слова | Охрана окружающей среды | ||
| a | Ключевые слова | Биотехнология | ||
| a | Ключевые слова | Биоочистка | ||
| a | Ключевые слова | Защита микроорганизмов | ||
| a | Ключевые слова | Экобиотехнология | ||
| a | Ключевые слова | Биологическая очистка сточных вод | ||
| a | Ключевые слова | Биологическая очистка почв | ||
| a | Ключевые слова | Очистка атмосферы | ||
| a | Ключевые слова | Нефтяные загрязнения | ||
| a | Ключевые слова | Выхлопные газы | ||
| a | Ключевые слова | Атмосферные выбросы | ||
| a | Ключевые слова | Сточные воды | ||
| 700 | 12 | a | Другие авторы | Lukanin A. V. |
| e | Роль лиц | reviewer | ||
| 901 | t | Тип документа | m | |
| 920 | a | Оператор | Семен | |
| a | Оператор | Суха | ||
| a | Оператор | Лиси | ||
| a | Оператор | Стро | ||
| 930 | a | Новая/Ретро | новая | |
| a | Новая/Ретро | иностр | ||
| 952 | c | Вид литературы | К рн | |
| 954 | b | Дата поступления в ОК | 20220414 | |
| a | Дата поступления на обработку | 20220415 | ||
| 954 | a | Дата поступления на обработку | 20220418 | |
| c | Дата окончания ОНО | 20220419 |